000 00203nam a22000857a 4500
008 160712b xxu||||| |||| 00| 0 eng d
100 _92712
_aEgmont
245 _aThe blue lotus
260 _aUSA
_bMacmillan
_c2009
999 _c2355
_d2355